| 000 | 00628nam a2200241Ia 4500 | ||
|---|---|---|---|
| 003 | OSt | ||
| 005 | 20220924125224.0 | ||
| 006 | a|||||r|||| 00| 0 | ||
| 007 | ta | ||
| 008 | 220923b |||||||| |||| 00| 0 san d | ||
| 024 | _a37924 | ||
| 037 | _cTextual | ||
| 040 |
_aARTS _cARTS _bsan |
||
| 041 |
_2san _asan |
||
| 082 | _aO15:6x, L2.2 (WPS) | ||
| 100 |
_aMangal Dev _9197818 |
||
| 245 | 0 | _aPrabandha Prakash | |
| 250 | _a2nd | ||
| 260 |
_aPrayag _bIndian Press _c1972 |
||
| 650 | _aENGLISH LITERATURE | ||
| 942 |
_hO15:6x, L2.2 (WPS) _cTEXL _2CC |
||
| 999 |
_c422139 _d422139 |
||